Na linku jezdí díly ze skladu automaticky

Doba, počas ktorej materiál zo skladu prinášali skladníci na ručných vozíkoch, uplynula. Automatizácia intralogistiky sa stáva samozrejmosťou vo výrobných závodoch. Prepravu konajú automatické vozíky, ktoré vedia sami naložiť materiál a diely, odviesť ich, kam treba a tam ich aj vyložiť.

Na minha lista:
Detalhes bibliográficos
Autor principal: Toman, Pavel
Formato: Capítulo de Livro
Idioma:tcheco
Assuntos:
Tags: Adicionar Tag
Sem tags, seja o primeiro a adicionar uma tag!

MARC

LEADER 00000naa a2200000 4500
001 0287803
005 20240417075214.1
041 0 |a cze 
044 |a CZ 
245 1 0 |a Na linku jezdí díly ze skladu automaticky  |c Pavel Toman 
520 |a Doba, počas ktorej materiál zo skladu prinášali skladníci na ručných vozíkoch, uplynula. Automatizácia intralogistiky sa stáva samozrejmosťou vo výrobných závodoch. Prepravu konajú automatické vozíky, ktoré vedia sami naložiť materiál a diely, odviesť ich, kam treba a tam ich aj vyložiť. 
610 2 0 |a automatizácia 
610 2 0 |a automatizácia výroby 
610 2 0 |a roboty 
610 2 0 |a flexibilita 
610 2 0 |a efektívnosť 
610 2 0 |a efektívnosť techniky 
610 2 0 |a technológie nové 
610 2 0 |a bezpečnosť 
610 2 0 |a zjednodušenie práce 
100 1 |a Toman, Pavel